• 首页
  • 本馆介绍
  • 公告通知
  • 最新文献
  • 馆藏检索
  • 电子资源
  • 读者导购
  • 参考咨询
  • 我的图书馆
  • 登录
  • 详细信息显示
  • 放入我的书架
  • 预约/预借图书
  • 作者相关作品
  • 分类相关作品
  • 丛书相关作品
  • 出版社相关作品

书目信息

  • 表格格式
  • 工作单格式
  • 卡片格式
题名:
中华学习机CEC-Ⅰ技术参考手册
    
 
作者: ;中华学习机联合设计组 编
分册:  
出版信息: 北京   清华大学出版社  1987
页数: 285页
开本: 19cm
丛书名: 青少年计算机学习与应用丛书
单 册:
中图分类: TP391.6
科图分类:
主题词: 学习机--技术手册
电子资源:
ISBN: 978-7-302-00027-3
000 00857nam2 2200265 450
001 0100227268
005 20020928000000.0
010    @a978-7-302-00027-3@dCNY2.60
100    @a19900903d1987 am y0chiy0110 ea
101 0  @achi
102    @aCN@b110000
105    @ay z 000yy
106    @ar
200 1  @a中华学习机CEC-Ⅰ技术参考手册@9Zhong Hua Xue Xi Ji C E C - Ⅰ Ji Shu;Zhu Can;Cen;Shen Kao Shou Ce @e软件@f中华学习机联合设计组编@b专著
210    @a北京@c清华大学出版社@d1987
215    @a285页@d19cm
225 2  @a青少年计算机学习与应用丛书
410  0 @12001 @a青少年计算机学习与应用丛书
606 0  @a学习机@x技术手册
610 0  @a中华学习机
690    @aTP391.6@v3
711 02 @a中华学习机联合设计组@9zhong hua xue xi ji lian he she ji zu@4编
801  0 @aCN@b深圳图书馆
801  2 @aCN@bAiZhiMarc
905    @aBZT@dTP391.6@e1@f2@sTP391.6/1
    
    中华学习机CEC-Ⅰ技术参考手册:软件/中华学习机联合设计组编.-北京:清华大学出版社,1987
    285页;19cm.-(青少年计算机学习与应用丛书)
    
    
    ISBN 978-7-302-00027-3:CNY2.60
    
●
相关链接 在五车中查询图书 在当当中查询图书 在豆瓣中查询图书


正题名:中华学习机CEC-Ⅰ技术参考手册     索取号:TP391.6/1         预约/预借

序号 登录号 条形码 馆藏地/架位号 状态 备注
1 2000110355   2000110355   旧书回溯/ [索取号:TP391.6/1] 在馆    
2 2000110356   2000110356   旧书回溯/ [索取号:TP391.6/1] 在馆    
山东省滨州职业学院图书馆 欢迎您!
大连网信软件有限公司© 版权所有